00411nam a22001697a 4500003000400000020001800004082001600022100001700038245003900055250000600094260004100100300001000141546001200151650001700163650003300180650002800213OSt a9789353163334 a339bDWI/MA aDwivedi, D N aMacroeconomics:btheory and policy a5 aChennaibMcGraw Hill Educationc2019 a740p. aEnglish aMoney market aMonetary and fiscal policies aProduct market analysis